00701cam a22002173a 450000100060000000300060000600500170001200800410002904000150007004200070008505000070009224501590009926000290025850600300028751600200031765300230033765300130036065300390037383000290041285600420044116386PGUSA20140828083341.0050729s2005||||xxu|||||s|||||000 | eng d aPGUSAbeng adc 4aPL10aBúhay na Pinagdaanan ni Juan Tamad na Anac ni Fabio at ni Sofia :bSa Caharian nang Portugal, na Hinañgo sa Novelah[electronic resource] /cAnonymous bProject Gutenberg,c2005 aPublic domain in the USA. aElectronic text aTagalog literature aCorridos aTamad, Juan (Fictitious character) 0aProject Gutenbergv1638640uhttp://www.gutenberg.org/ebooks/16386